Universitäten in Nordrhein-Westfalen - Statistiken

Allgemein
  • Dieses Quiz wurde 191 mal gespielt
  • Das Durchschnittsergebnis liegt bei 13 aus 15
Antwortstatistiken
Name Gründung Studierende Stadt % Korrekt
Technische Universität 1968 ca. 30.000 Dortmund
98%
Heinrich-Heine-Universität 1965 ca. 34.000 Düsseldorf
98%
Universität zu [Stadtname] 1919 ca. 44.000 Köln
98%
Deutsche Sporthochschule 1947 ca. 6.000 Köln
98%
Ruhr-Universität 1965 ca. 39.000 Bochum
97%
Universität [Stadtname] 2003 ca. 37.000 Duisburg / Essen
96%
Rheinische Friedrich-Wilhelms-Universität 1818 ca. 31.000 Bonn
95%
Rheinisch-WestfälischeTechnische Hochschule 1870 ca. 45.000 Aachen
93%
Universität [Stadtname] 1773 ca. 43.000 Münster
92%
FernUniversität 1974 ca. 71.000 Hagen
87%
Universität [Stadtname] 1969 ca. 24.000 Bielefeld
86%
Bergische Universität 1972 ca. 20.000 Wuppertal
84%
Universität [Stadtname] 1972 ca. 17.000 Paderborn
79%
Universität [Stadtname] 1972 ca. 15.000 Siegen
72%
Universität [Stadtname] 1982 ca. 3.000 Witten / Herdecke
17%
Keine übereinstimmenden Quizze gefunden
Verteilung der Resultate
Anzahl Personen mit jedem Resultat
Perzentil nach korrekt beantworteten Fragen
Ihre Resultats-Entwicklung
Sie haben dieses Quiz noch nicht gespielt